| 000 | 01670cam a2200409 a 4500 | ||
|---|---|---|---|
| 001 | 13386876 | ||
| 003 | EG-ScBUE | ||
| 005 | 20220321131057.0 | ||
| 008 | 031028s2005 nyu f b 000 1 eng d | ||
| 020 | _a1400040493 (US) | ||
| 020 | _a1857152778 (UK) | ||
| 020 | _a9781400032921 | ||
| 040 |
_aDLC _beng _erda _cDLC _dDLC _dEG-ScBUE |
||
| 041 | 1 |
_aeng _hrus |
|
| 082 | 0 | 4 |
_a891.733 _222 _bCHE |
| 100 | 1 |
_aChekhov, Anton Pavlovich, _d1860-1904, _eauthor. _929787 |
|
| 240 | 1 | 0 |
_aShort stories. _lEnglish. _kSelections |
| 245 | 1 | 4 |
_aThe complete short novels / _cAnton Chekhov ; translated from the Russian by Richard Pevear and Larissa Volokhonsky ; with an introduction by Richard Pevear. |
| 264 | 1 |
_aNew York : _bVintage Books, _c2005. |
|
| 300 |
_axli, 548 pages ; _c22 cm. |
||
| 336 |
_2rdacontent _atext _btxt |
||
| 337 |
_2rdamedia _aunmediated _bn |
||
| 338 |
_2rdacarrier _avolume _bnc |
||
| 490 | 0 | _aVintage classics | |
| 504 | _aIncludes bibliographical references. | ||
| 505 | 0 | _aThe steppe -- The duel -- The story of an unknown man -- Three years -- My life. | |
| 546 | _aText in English ; translated from the original Russian. | ||
| 600 | 1 | 7 |
_aChekhov, Anton Pavlovich, _d1860-1904 _vTranslations into English. _2BUEsh _929788 |
| 650 | 7 |
_aRussian fiction. _2BUEsh |
|
| 651 | _2BUEsh | ||
| 653 |
_cMay2012 _bGGEN |
||
| 655 |
_vReading book _934232 |
||
| 700 | 1 |
_aPevear, Richard, _d1943- _etranslator. _929789 |
|
| 700 | 1 |
_aVolokhonsky, Larissa, _eauthor of introduction, etc. _929790 |
|
| 942 |
_2ddc _cBB |
||
| 999 |
_c16702 _d16702 |
||